Experimentálne porovnanie výpočtových metód pre stanovenie hydraulických strát v tlakových potrubiach

Saved in:
Bibliographic Details
Main Author: Kremser, Juraj (Author)
Other Authors: Rumann, Ján (Thesis advisor)
Format: Manuscript Book
Language:Slovak
Published: 2018
Subjects:
Online Access:http://is.stuba.sk/zp/portal_zp.pl?podrobnosti=117360
https://opac.crzp.sk/?fn=detailBiblioForm&sid=3D579E6F99510E20DAB244D0A384
Tags: Add Tag
No Tags, Be the first to tag this record!

MARC

LEADER 00000ntm a22000003a 4500
001 stuzp63818
003 SK-STU
005 20230815110005.5
007 ta
008 150427s2015----xo-----f-mn---000-0-slo-d
040 |a STU  |b slo 
041 0 |a slo 
100 1 |a Kremser, Juraj  |u 010170  |4 aut  |U SvF Stavebná fakulta  |T SvF Katedra hydrotechniky  |X 75942  |U V170  |Y 17  |7 75942 
242 0 1 |a Experimental comparison of calculation methods for determination of hydraulic losses in pressure pipes  |y eng 
245 1 0 |a Experimentálne porovnanie výpočtových metód pre stanovenie hydraulických strát v tlakových potrubiach 
260 |c 2018 
650 4 |a hydraulika  |2 slo 
650 4 |a hydraulické straty  |2 slo 
650 4 |a straty trením  |2 slo 
650 4 |a friction losses  |2 eng 
650 4 |a hydraulic  |2 eng 
650 4 |a hydraulic losses  |2 eng 
700 1 |a Rumann, Ján  |u 010170  |k Z1  |4 ths  |U SvF Stavebná fakulta  |T SvF Katedra hydrotechniky  |X 38286  |U V170  |Y 17  |7 A000038286 
856 4 |u http://is.stuba.sk/zp/portal_zp.pl?podrobnosti=117360 
856 4 |u https://opac.crzp.sk/?fn=detailBiblioForm&sid=3D579E6F99510E20DAB244D0A384